Caricamento...

Indian Administration/

Dettagli Bibliografici
Autore principale: Hoshiar Singh
Natura: Printed Book
Pubblicazione: Allahabad: Kitab Mahal, 2000.
Soggetti:
LEADER 00593nam a22001691a 4500
020 |a 9788122501797 
082 |a 351.3  |b HOS/I 
100 |a Hoshiar Singh  |9 119891 
245 |a Indian Administration/  |c by Hoshiar Singh 
260 |a Allahabad:  |b Kitab Mahal,  |c 2000. 
300 |a 598p. 
650 |a Public Administration  |9 119892 
650 |a Indian Administration  |9 119893 
650 |a Social Sciences  |9 119894 
942 |c BK 
999 |c 19453  |d 19453 
952 |0 0  |1 0  |4 0  |6 351_300000000000000_HOS_I  |7 0  |9 27413  |a SSUS  |b SSUS  |d 2015-01-08  |g 350.00  |l 1  |o 351.3 HOS/I  |p 028297  |r 2018-10-15  |s 2018-09-24  |v 0.00  |w 2015-01-08  |y BK